Southville International School and Colleges
Your cart is empty.
  • Cart
  • Lists
    Public lists Eva Luna New books Lux_list list_1
    Your lists Log in to create your own lists
  • Log in to your account
  • Your cookies
  • Search history
Southville International School and Colleges
  • Advanced search
  • Recent comments
  • Most popular
  • Libraries

Log in to your account

Log in with GOOGLE


If you do not have an external account, but do have a local account, you can still log in:

  1. Home
  2. MARC view: Barney's Alphabet Soup /
Normal view MARC view ISBD view

Barney's Alphabet Soup / (Record no. 105470)

[ view plain ]
MARC details
000 -LEADER
fixed length control field 00404nam a2200157 a 4500
005 - DATE AND TIME OF LATEST TRANSACTION
control field 20140412111401.0
008 - FIXED-LENGTH DATA ELEMENTS--GENERAL INFORMATION
fixed length control field 100121s19uu xx 00 eng d
020 ## - INTERNATIONAL STANDARD BOOK NUMBER
International Standard Book Number 1-57064-118-8
050 ## - LIBRARY OF CONGRESS CALL NUMBER
Classification number ER
Item number D86 1997
100 ## - MAIN ENTRY--PERSONAL NAME
Personal name Dudko, Mary Ann
245 ## - TITLE STATEMENT
Title Barney's Alphabet Soup /
Statement of responsibility, etc Mary Ann Dudko.
260 ## - PUBLICATION, DISTRIBUTION, ETC. (IMPRINT)
Place of publication, distribution, etc New York :
Name of publisher, distributor, etc Scholastic,
Date of publication, distribution, etc 1997.
300 ## - PHYSICAL DESCRIPTION
Extent unp.
650 ## - SUBJECT ADDED ENTRY--TOPICAL TERM
Topical term or geographic name as entry element Alphabet
Holdings
Withdrawn status Lost status Damaged status Use restrictions Home library Current library Shelving location Date acquired Source of acquisition Cost, normal purchase price Total Checkouts Full call number Barcode Date last seen Price effective from Koha item type
        Elizalde Library Elizalde Library Easy Reading Section 01/21/2010   285.00   ER D86 1997 E10223 04/12/2014 04/12/2014 Books

Barney's Alphabet Soup /

APA

Dudko M. A., . (1997). Barney's Alphabet Soup. New York: Scholastic.

Chicago

Dudko Mary Ann, . 1997. Barney's Alphabet Soup. New York: Scholastic.

Harvard

Dudko M. A., . (1997). Barney's Alphabet Soup. New York: Scholastic.

MLA

Dudko Mary Ann, . Barney's Alphabet Soup. New York: Scholastic. 1997.

  • Place hold
  • Print
  • Cite
  • Add to your cart (remove)
  • Save record
    BIBTEX Dublin Core MARCXML MARC (non-Unicode/MARC-8) MARC (Unicode/UTF-8) MARC (Unicode/UTF-8, Standard) MODS (XML) RIS
  • More searches
    Search for this title in:
    Other Libraries (WorldCat) Other Databases (Google Scholar) Online Stores (Bookfinder.com) Open Library (openlibrary.org)

Exporting to Dublin Core...

SOUTHVILLE LIBRARY

Southville International School and Colleges Library

1281 Tropical Ave. Cor. Luxembourg St., BF Homes International, Las Pinas City

Tel. No. 8256374 / 252358 Loc. 117/146

Powered by Koha